Top 25 Most Populated U.S. States - Statistics

General Stats
  • This quiz has been taken 61 times
  • The average score is 22 of 25
Answer Stats
Hint Answer % Correct
1 California
100%
4 New York
100%
2 Texas
100%
3 Florida
98%
7 Ohio
95%
8 Georgia
93%
9 North Carolina
93%
5 Pennsylvania
91%
12 Virginia
91%
13 Washington
91%
6 Illinois
89%
16 Massachusetts
89%
10 Michigan
89%
23 South Carolina
89%
17 Indiana
86%
14 Arizona
84%
21 Colorado
84%
15 Tennessee
84%
18 Missouri
82%
24 Alabama
80%
19 Maryland
80%
25 Louisiana
79%
22 Minnesota
79%
11 New Jersey
79%
20 Wisconsin
73%
No matching quizzes found
Score Distribution
Percent of People with Each Score
Percentile by Number Answered
Your Score History
You have not taken this quiz